De l'argent (notice n° 1548800)
[ vue normale ]
| 000 -LEADER | |
|---|---|
| fixed length control field | 00773cam a2200121 4500500 |
| 005 - DATE AND TIME OF LATEST TRANSACTION | |
| control field | 20251012042500.0 |
| 041 ## - LANGUAGE CODE | |
| Language code of text/sound track or separate title | fre |
| 042 ## - AUTHENTICATION CODE | |
| Authentication code | dc |
| 245 00 - TITLE STATEMENT | |
| Title | De l'argent |
| 260 ## - PUBLICATION, DISTRIBUTION, ETC. | |
| Name of publisher, distributor, etc. | L'Harmattan,<br/> |
| Date of publication, distribution, etc. | 2005.<br/> |
| 520 ## - SUMMARY, ETC. | |
| Summary, etc. | Ce numéro vise à rendre compte des dimensions de l’argent dans l’espace psychique: entendre dans la clinique les effets de l’argent, excès, manque, limitations, y découvrir le trajet de la dette structurant le sujet. Ce numéro n’est pas sans interroger les effets du capitalisme sans limites pour les sujets qui y sont soumis. La psychanalyse est le seul domaine d’expérience où l’on paye pour parler, jusqu’à parler en son nom. |
| 856 41 - ELECTRONIC LOCATION AND ACCESS | |
| Uniform Resource Identifier | <a href="https://shs.cairn.info/de-largent--9782747597685?lang=fr&redirect-ssocas=7080">https://shs.cairn.info/de-largent--9782747597685?lang=fr&redirect-ssocas=7080</a> |
Pas d'exemplaire disponible.




Réseaux sociaux